| 000 | 00740nam a2200181 a 4500 | ||
|---|---|---|---|
| 005 | 20220519135441.0 | ||
| 008 | 991125c1976 mx 000 0 spa u | ||
| 035 | _aUPN01000019491 | ||
| 049 | _aAV | ||
| 050 | 4 | _aPVI Q 0220 | |
| 245 | 0 | 3 |
_aLa energía : _bun problema nacional. |
| 260 |
_aMéxico : _bAIMS MEDIA ; _bPelículas Ebesa [distribuidor], _c1976. |
||
| 300 |
_a1 videocasete (VHS) (27 min.) : _bson., col. |
||
| 520 | _aLa energía procede de distintos combustibles derivados del petróleo, se necesita cuidar la energía y usarla eficazmente y aumentar las fuentes de energía. El programa se presenta con dibujos animados | ||
| 650 | 2 |
_aFuentes de energía _916071 |
|
| 650 | 4 |
_aFUERZA Y ENERGIA _98271 |
|
| 905 | _aAudiovisuales | ||
| 999 |
_c19491 _d19491 |
||